A histology of the body tissues, (Record no. 162106)

MARC details
000 -LEADER
fixed length control field 00621nam a22002051 4500
003 - CONTROL NUMBER IDENTIFIER
control field 0
008 - FIXED-LENGTH DATA ELEMENTS--GENERAL INFORMATION
fixed length control field
090 0# - LOCALLY ASSIGNED LC-TYPE CALL NUMBER (OCLC); LOCAL CALL NUMBER (RLIN)
Classification number (OCLC) (R) ; Classification number, CALL (RLIN) (NR) QM551
Local cutter number (OCLC) ; Book number/undivided call number, CALL (RLIN) GILL 1962
005 - DATE AND TIME OF LATEST TRANSACTION
control field 20230123134223.0
040 ## - CATALOGING SOURCE
Transcribing agency NUST
049 ## - LOCAL HOLDINGS (OCLC)
Holding library MAIN
100 1# - MAIN ENTRY--PERSONAL NAME
Personal name Gillison, Margaret.
245 12 - TITLE STATEMENT
Title A histology of the body tissues,
Remainder of title with a consideration of their functions.
Statement of responsibility, etc. Foreword by R.C. Garry.
250 ## - EDITION STATEMENT
Edition statement 2nd ed.
260 ## - PUBLICATION, DISTRIBUTION, ETC.
Place of publication, distribution, etc. Baltimore,
Name of publisher, distributor, etc. Williams and Wilkins Co.,
Date of publication, distribution, etc. 1962.
300 ## - PHYSICAL DESCRIPTION
Extent 270 p.
Other physical details illus.
Dimensions 20 cm.
650 #0 - SUBJECT ADDED ENTRY--TOPICAL TERM
Topical term or geographic name entry element Histology.
907 ## - LOCAL DATA ELEMENT G, LDG (RLIN)
a .b10206103
b 22-06-06
c 22-06-06
942 ## - ADDED ENTRY ELEMENTS (KOHA)
Koha item type Ordinary Loan Books
Call number prefix QM551
Call number suffix GILL 1962
Holdings
Date last seen Total Checkouts Full call number Barcode Cost, replacement price Price effective from Koha item type Lost status Source of classification or shelving scheme Damaged status Not for loan Collection Withdrawn status Home library Current library Shelving location Date acquired Cost, normal purchase price
01/23/2023 2 QM551 GIL 92003025496 80.00 01/23/2023 BOOKS   LCC   1 NFIC   MAIN MAIN GEN 01/23/2023 80.00